| 000 | 00493nam a2200169 i 4500 | ||
|---|---|---|---|
| 001 | 46044 | ||
| 003 | ES-MaACL | ||
| 005 | 20230906161324.0 | ||
| 007 | t| | ||
| 008 | 030327s1907 fr ||||1| fre d | ||
| 100 | 1 |
_aCompayré, Gabriel. _940046 |
|
| 245 | 1 | 2 |
_aL'évolution intelectuelle et morale de l'enfant / _cpar Gabriel Compayré. |
| 250 | _a4eme ed. | ||
| 260 |
_aParís : _bHachette, _c1907 ( _eCorbeil : _fCrété) |
||
| 300 |
_aXXIV, 371 p. ; _c22 cm. |
||
| 852 |
_aES-MaACL _jF-10435 |
||
| 999 |
_c46044 _d46044 |
||